| 000 | 00653nam a2200205 a 4500 | ||
|---|---|---|---|
| 005 | 20241129063744.0 | ||
| 008 | 160531s2014 mx r 000 0 spa d | ||
| 020 | _a9786074953633 | ||
| 035 | _aUPN01000210874 | ||
| 049 | _aI | ||
| 050 | 4 |
_aPZ74.3 _bA2.4 |
|
| 100 | 1 |
_aAcosta, Andrés, _d1964- _930341 |
|
| 245 | 1 | 3 |
_aEl libro de los fantasmas / _cAndrés Acosta ; il. Irma Bastida Herrera. |
| 260 |
_aToluca : _bGobierno del Estado de México : _bFOEM, _c2014. |
||
| 300 |
_a68 p. : _bil. col. |
||
| 440 | 0 |
_aLectores niños y jóvenes. _pLiteratura infantil |
|
| 650 | 4 |
_aPoesía infantil mexicana _91260 |
|
| 905 | _aInfantil | ||
| 999 |
_c182975 _d182975 |
||